000 00606nam a2200205Ia 4500
003 GCL
008 140319s9999 xx 000 0 ara d
040 _aGCL /
_cGCL
082 0 4 _a811.09
_bم ق
100 1 _aملك عبدالعزيز
245 1 0 _aقال المساء /
_cملك عبدالعزيز
260 _a[S.N] :
_bالهيئة المصرية العامة للكتاب ،
_c1988
300 _a145 ص
490 _a
650 0 4 _aالشعر العربى
650 0 4 _aالادب العربى
650 0 4 _aالعصر الحديث
650 0 4 _aدواوين وقصائد
942 _2ddc
_cBK
999 _c30012
_d30012